Hot tubbing (Record no. 82934)

MARC details
000 -LEADER
fixed length control field 00857cab a22001815a 4500
001 - CONTROL NUMBER
control field L152292
008 - FIXED-LENGTH DATA ELEMENTS--GENERAL INFORMATION
fixed length control field 110218s2011 xxka f 000 0 eng d
035 ## - SYSTEM CONTROL NUMBER
System control number (Sirsi) u152292
041 0# - LANGUAGE CODE
Language code of text/sound track or separate title eng
100 1# - MAIN ENTRY--PERSONAL NAME
Personal name Barry, Paul
245 00 - TITLE STATEMENT
Title Hot tubbing
Remainder of title is it time to take the plunge?
260 ## - PUBLICATION, DISTRIBUTION, ETC.
Date of publication, distribution, etc. 2011
490 ## - SERIES STATEMENT
Series statement Civil Engineering Surveyor
Volume/sequential designation February 2011, 42-43(2)
520 ## - SUMMARY, ETC.
Summary, etc. Hot tubbing or concurrent evidence is becoming an increasingly popular practice whereby experts from both sides of a dispute sit in the dock together, with the judge or arbitrator leading a discussion between them; construction claims; construction disputes; arbitration; litigation; hot tub model; legal disputes.
651 #4 - SUBJECT ADDED ENTRY--GEOGRAPHIC NAME
Geographic name United Kingdom
Chronological subdivision
690 ## - LOCAL SUBJECT ADDED ENTRY--TOPICAL TERM (OCLC, RLIN)
Topical term or geographic name as entry element MANAGEMENT-DISPUTE AVOIDANCE, MANAGEMENT AND RESOLUTION-DISPUTE MANAGEMENT AND RESOLUTION-ARBITRATION
942 ## - ADDED ENTRY ELEMENTS (KOHA)
Suppress in OPAC 0
Holdings
Withdrawn status Lost status Source of classification or shelving scheme Damaged status Not for loan Home library Current library Shelving location Date acquired Total Checkouts Full call number Barcode Date last seen Copy number Price effective from Koha item type
    Dewey Decimal Classification     London London Journal article 18/02/2011   L152292 152292-1001 06/08/2019 1 06/08/2019 Journal article